006620000a2200121000450000100050000010000310000524501910003626000250022730000120025250000580026450200920032252001260041443001 aRodríguez Campo, William10aEstrategia celular, sistemática y globalizada de crecimiento y pastoreo con excelencia para las iglesias de la Confraternidad Cristiana de Colombia I.C.C.C. / William Rodríguez Campo aMedellín, Colombia a124 Pag aTesis (licenciatura)--Seminario Bíblico de Colombia aPresidente del jurado: Fernando Mosquera; Jurado: Marcos Wittig; Jurado: Donaldo Sendek a- Historia del crecimiento de la I.C.C.C - Perspectiva bíblica de la estrategia celular - Propuesta de trabajo celular